KOHA-Header-6

Statistics (Record no. 12262)

000 -LEADER
fixed length control field 00310nam a22001337a 4500
020 ## - INTERNATIONAL STANDARD BOOK NUMBER
ISBN 978-0393929720
082 ## - DEWEY DECIMAL CLASSIFICATION NUMBER
Classification number 519.5
100 ## - MAIN ENTRY--AUTHOR NAME
Personal name David Freedman,Robert Pisani and Roger Purves
245 ## - TITLE STATEMENT
Title Statistics
250 ## - EDITION STATEMENT
Edition statement 4th
260 ## - PUBLICATION, DISTRIBUTION, ETC. (IMPRINT)
Place of publication India
Name of publisher VIVA Books
Year of publication 2015
300 ## - PHYSICAL DESCRIPTION
Number of Pages 576 pages
Other physical details Index
942 ## - ADDED ENTRY ELEMENTS (KOHA)
Koha item type Books
Holdings
Withdrawn status Lost status Collection code Permanent Location Current Location Shelving location Date acquired Full call number Accession Number Koha item type
    Statistics MAJU MAJU Shelf No.A27 2020-02-25 519.5 9555 Statistics

Powered by Koha